African Capitals Multiple Choice Quiz - Statistics

General Stats
  • This quiz has been taken 842 times
    841 since last reset
  • The average score is 37 of 57
Answer Stats
Question Answer % Correct
What is the capital of Algeria? Algiers
97%
What is the capital of Egypt? Cairo
91%
What is the capital of Angola? Luanda
91%
What is the capital of Kenya? Nairobi
91%
What is the capital of Djibouti? Djibouti
89%
What is the capital of Ethiopia? Addis Ababa
88%
What is the capital of Ghana? Accra
86%
What is the capital of Libya? Tripoli
86%
What is the capital of Burkina Faso? Ouagadougou
85%
What is the capital of Cameroon? Yaoundé
85%
What is the capital of Guinea-Bissau? Bissau
80%
What is the capital of Chad? N'Djamena
80%
What is the capital of Madagascar? Antananarivo
78%
What is the capital of Botswana? Gaborone
78%
What is the capital of Eritrea? Asmara
77%
What is the capital of the Gambia? Banjul
75%
What is the capital of Morocco? Rabat
75%
What is the capital of the Democratic Republic of the Congo? Kinshasa
74%
What is the capital of Equatorial Guinea? Malabo
74%
What is the capital of Cape Verde? Praia
72%
What is the capital of Guinea? Conakry
71%
What is the capital of Gabon? Libreville
71%
What is the capital of Malawi? Lilongwe
71%
What is the capital of Eswatini? Mbabane
69%
What is the capital of Ivory Coast? Yamoussoukro
69%
What is the capital of Nigeria? Abuja
68%
What is the capital of Mali? Bamako
68%
What is the capital of Liberia? Monrovia
66%
What is the capital of Lesotho? Maseru
65%
What is the capital of Comoros? Moroni
65%
What is the capital of Senegal? Dakar
63%
What is the capital of Mauritania? Nouakchott
63%
What is the capital of Namibia? Windhoek
63%
What is the capital of Niger? Niamey
62%
What is the capital of Mauritius? Port Louis
62%
What is the official capital of Benin? Porto-Novo
62%
What is the capital of the Central African Republic? Bangui
60%
What is the capital of Sierra Leone? Freetown
58%
What is the capital of Mozambique? Maputo
58%
What is the capital of Rwanda? Kigali
55%
What is the capital of South Sudan? Juba
54%
What is the capital of Sudan? Khartoum
54%
What is the capital of Seychelles? Victoria
52%
What is the capital of the Republic of the Congo? Brazzaville
51%
What is the capital of Burundi? Gitega
51%
What is the capital of Somalia? Mogadishu
51%
What is the capital of São Tomé and Príncipe? São Tomé
51%
What is the capital of Togo? Lome
48%
What is the capital of Tunisia? Tunis
45%
What is the judicial capital of South Africa? Bloemfontein
42%
What is the capital of Tanzania? Dodoma
40%
What is the capital of Zimbabwe? Harare
37%
What is the capital of Uganda? Kampala
37%
What is the capital of Zambia? Lusaka
37%
What is the de facto capital of Benin? Cotonou
35%
What is the executive capital of South Africa? Pretoria
34%
What is the legislative capital of South Africa? Cape Town
32%
No matching quizzes found
Score Distribution
Percent of People with Each Score
Percentile by Number Answered
Your Score History
You have not taken this quiz since the last reset